Countries Before Their Capitals (North America) Quiz Stats

Quiz not verified by Sporcle

Challenge
Share
Tweet
Score 0/18 Timer 04:00
0 Plays Today
% Correct
Canada
92.7%
United States of America
91.9%
Honduras
91.6%
Mexico
91.6%
Cuba
91.3%
Dominican Rep.
91%
Costa Rica
90.5%
Guatemala
90.5%
Haiti
90.2%
% Correct
El Salvador
89.6%
Panama
89.4%
Belize
86.6%
Jamaica
80.1%
Antigua & Barbuda
71.7%
Bahamas
71.4%
Dominica
67.2%
Barbados
61.9%
Grenada
60.5%

You're not logged in!

Compare scores with friends on all Sporcle quizzes.
Sign Up with Email
OR
Log In

You Might Also Like...

Show Comments

Extras

Top Quizzes Today


Score Distribution

Your Account Isn't Verified!

In order to create a playlist on Sporcle, you need to verify the email address you used during registration. Go to your Sporcle Settings to finish the process.